Personal computers and special needs /

Bibliographic Details
Main Author: Bowe, Frank
Format: Book
Language:English
Published: Berkeley : Sybex, [1984]
Series:Sybex computerbooks
Subjects:

MARC

Tag First Indicator Second Indicator Subfields
LEADER 00000cam a2200000 a 4500
001 in00000380721
005 20151011115911.0
008 840823s1984 caua b 00110 eng d
010 |a  84051240  
020 |a 0895881934 
035 |a (OCoLC)11082851 
035 |9 ABS1963AM 
040 |a GQG  |c GQG  |d XBM  |d TXA  |d UtOrBLW 
049 |a TXAM  |c [A08624554] 
090 |a HV3011  |b .B6 1984 
092 |a 001.6404  |b B6p, 1984 
100 1 |a Bowe, Frank. 
245 1 0 |a Personal computers and special needs /  |c Frank G. Bowe. 
264 1 |a Berkeley :  |b Sybex,  |c [1984] 
264 4 |c ©1984 
300 |a 171 pages :  |b illustrations ;  |c 23 cm. 
336 |a text  |b txt  |2 rdacontent 
337 |a unmediated  |b n  |2 rdamedia 
338 |a volume  |b nc  |2 rdacarrier 
490 0 |a Sybex computerbooks 
500 |a Includes index. 
504 |a Bibliography: pages [160]-164. 
650 0 |a People with disabilities. 
650 0 |a Self-help devices for people with disabilities. 
650 0 |a Microcomputers. 
999 |a MARS 
999 f f |s 01ff088f-5a6d-3a38-9a3f-16115565db20  |i eb654043-ed81-318b-8bfa-e603a990f248  |t 0 
952 f f |p ric  |a Texas A&M University  |b Rellis Campus  |c Joint Library Facility  |d Remote Storage  |t 0  |e HV3011 .B6 1984  |h Library of Congress classification  |i unmediated -- volume  |m A14808624554 
998 f f |a HV3011 .B6 1984  |t 0  |l Remote Storage